000 00794nam a2200217 a 4500
001 000012505
005 20251120073732.0
008 091113s195u dr a 001 0 spa d
040 _aDO-SdBNP
_bspa
_cBNPHU
082 _aRD863.4
_bI37p
100 1 _aInchústegui Cabral, Héctor,
_d1912-1979
_929223
245 1 3 _aEl pozo muerto /
_cHéctor Incháustegui Cabral.
260 _aSantiago de los Caballero, República Dominicana :
_bUniversidad Católica Madre y Maestra,
_c195-?
490 1 _aContemporáneas
_v53
500 _aIncluye datos biográficos del autor en la contracubierta
650 0 _aNovela dominicana
_9223
650 0 _aLiteratura dominicana.
_967
710 2 _aPontificia Universidad Católica Madre y Maestra
_9843
830 0 _aContemporánea
_v53
_99108
049 _aBNPD
999 _c12160
_d12160